Làm sao biết mưa về

Kaydedildi:
Detaylı Bibliyografya
Yazar:  Từ Kế Tường
Materyal Türü: Sách
Dil:Undetermined
Baskı/Yayın Bilgisi:  Mỹ thuật  2010
Konular:
Etiketler: Etiketle
Etiket eklenmemiş, İlk siz ekleyin!
Thư viện lưu trữ: Trung tâm Thư viện - Trường Đại học Công nghiệp TP. Hồ Chí Minh
LEADER 00502nam a2200157Ia 4500
001 UIH_05851
008 231011s9999 xx 000 0 und d
082 |a  895.9223 
100 |a  Từ Kế Tường 
245 0 |a  Làm sao biết mưa về 
245 0 |c  Từ Kế Tường 
260 |b  Mỹ thuật 
260 |c  2010 
650 |a  Văn học Việt Nam;  
927 |a Sách 
980 |a Trung tâm Thư viện - Trường Đại học Công nghiệp TP. Hồ Chí Minh